Statystyki dla Jaka to melodia?

Kliknij tutaj aby rozwiązać quiz!

Ogólne statystyki

  • Ten quiz został rozwiązany 197 razy
  • Średni wynik to 6 z 22

Statystyki odpowiedzi

Wykonawca:Wskazówka:Tytuł:% Poprawnych
UrszulaZabawka lat dziecinnychKonik na biegunach
70%
Budka SufleraTaniec dla dwojgaTakie tango
66%
SanahWystrzałowySzampan
58%
Andrzej PiasecznyWymarzony początek dniaŚniadanie do łóżka
55%
BrodkaOn powiedział "nie"Miał być ślub
46%
SławomirImprezowy gadWeselny pyton
40%
CleoPowoli i do przoduZa krokiem krok
35%
Dawid PodsiadłoSkutek flautyNie ma fal
32%
Sylwia GrzeszczakTylko na chwilęPożyczony
30%
Lady PankNietrwałe konstrukcjeZamki na piasku
30%
BajmPytanie do Pana B.Co mi Panie dasz
23%
PerfectUbaw na festAle wkoło jest wesoło
21%
T.LoveW mieście Świętej WieżyKing
20%
Daria ZawiałowPospolity zwierzakKundel bury
9%
KortezKorzennie i rozgrzewającoZ imbirem
8%
Varius ManxNiepełny futrzakKot bez ogona
7%
KazikInwazja z kosmosuMars napada
7%
CzadomanPodróż w towarzystwieJedziemy z blondi
5%
HappysadZ wysokiego szczytuDługa droga w dół
4%
ŁzyTak zwykłeś mówić do mnieAniele mój
3%
Red LipsPrzeciwieństwoCzarne i białe
3%
Maryla RodowiczBardzo dalekie połączenieRozmowa przez ocean
3%

Rozkład punktacji

Percentyl według liczby udzielonych odpowiedzi

Procent ludzi z każdym wynikiem

Twoja historia wyników

Nie rozwiązałeś tego quizu